Mediokratie : die Kolonisierung der Politik durch das Mediensystem

Αποθηκεύτηκε σε:
Λεπτομέρειες βιβλιογραφικής εγγραφής
Κύριος συγγραφέας: Meyer, Thomas 1943-
Μορφή: Βιβλίο
Γλώσσα:German
Δημοσίευση: Frankfurt : Suhrkamp, 2001
Σειρά:Edition Suhrkamp ; ; 2204
Θέματα:
Ετικέτες: Προσθήκη ετικέτας
Δεν υπάρχουν, Καταχωρήστε ετικέτα πρώτοι!

MARC

LEADER 00000nam a2200000 i 4500
001 1/49085
008 070725s2001 ger d
020 |a 978-3-518-12204-4 (pbk.) 
020 |a 3-518-12204-5 (pbk.) 
035 |l 10089093 
040 |a GR-MY-UA  |b gre  |e aacr 
041 0 |a ger 
082 0 |a 306.2  |2 (22) 
100 1 |a Meyer, Thomas  |d 1943- 
245 1 0 |a Mediokratie :  |b die Kolonisierung der Politik durch das Mediensystem /  |c Thomas Meyer 
260 |a Frankfurt :   |b Suhrkamp,   |c 2001 
300 |a 232 σ.;  |c 18 εκ. 
490 1 |a Edition Suhrkamp  |v ; 2204 
504 |a Βιβλιογραφία: σ. [211]-232 
650 0 0 |a Communication in politics. 
650 0 0 |a Political culture. 
650 0 0 |a Democracy. 
650 0 0 |a Mass media  |x Political aspects. 
830 0 |a Edition Suhrkamp ;  |v ; 2204 
852 |a INST  |b LESVOS  |e 20070725  |h 306.2 MEY  |p 005100037795  |q 005100037795  |t BK  |y 0 
852 |a INST  |b LESVOS  |e 20080513  |h 306.2 MEY  |p 005100038555  |q 005100038555  |t BK  |y 0 
901 |a BIBL1-2007-2 
901 |a BIBL1-2008-2 
909 |a Λ  |b 136908 
909 |a Λ  |b 143782 
922 |a 1ΕΛΗ  |b 200707  |c ΕΠΕΑΕΚ2/ΤΚ  |d ΕΛΕΥΘΕΡΟΥΔΑΚΗΣ 
922 |a 1ΕΛΗ  |b 200712  |c ΕΠΕΑΕΚ2/ΤΚ  |d ΕΛΕΥΘΕΡΟΥΔΑΚΗΣ 
970 |a ΒΑΡΚΑ  |b ΕΛΕΥΘΕΡΙΑ  |z 2007/07/25